Tales from Thakurmar Jhuli : (Record no. 73062)

MARC details
000 -LEADER
fixed length control field 00810nam a22002417a 4500
005 - DATE AND TIME OF LATEST TRANSACTION
control field 20140116125520.0
010 ## - LCCN (DPL NO)
LC control number ENG-106594
020 ## - INTERNATIONAL STANDARD BOOK NUMBER
International Standard Book Number 0198082207
Terms of availability 295.00
020 ## - INTERNATIONAL STANDARD BOOK NUMBER
International Standard Book Number 9780198082200
Terms of availability 295.00
035 ## - SYSTEM CONTROL NUMBER
System control number EN-90127
035 ## - SYSTEM CONTROL NUMBER
System control number B-512593-594
037 ## - SOURCE OF ACQUISITION
Source of stock number/acquisition DBAD / PUB
037 ## - SOURCE OF ACQUISITION
Source of stock number/acquisition BSB/Ven
Stock number dpl
082 ## - DEWEY DECIMAL CLASSIFICATION NUMBER
Classification number S
100 ## - MAIN ENTRY--PERSONAL NAME
Personal name Majumdar, Mitra
245 ## - TITLE STATEMENT
Title Tales from Thakurmar Jhuli :
Statement of responsibility, etc by Mitra Majumdar
Remainder of title twelve stories from Bengal /
260 ## - PUBLICATION, DISTRIBUTION, ETC. (IMPRINT)
Place of publication, distribution, etc New Delhi
Name of publisher, distributor, etc Oxford University Press
Date of publication, distribution, etc 2012
270 ## - ADDRESS
Address YMCA Library Building, Jai Singh Road
City New Delhi
Postal code 110001
300 ## - PHYSICAL DESCRIPTION
Extent xxiii, 150p.;
Dimensions 24cm (pbk)
Other physical details ill
500 ## - GENERAL NOTE
General note Translated from Bengali by Sukhendu Ray
942 ## - ADDED ENTRY ELEMENTS (KOHA)
Source of classification or shelving scheme Dewey Decimal Classification
Item type English Books
Call number suffix MAJ
Classification part S
Holdings
Withdrawn status Lost status Not for loan Collection code Home library Current library Date acquired Source of acquisition Cost, normal purchase price Full call number Barcode Copy number Cost, replacement price Koha item type
  Written-off vide DLB M. No. 383 dt 16.05.19   Non-fiction Central Library Central Library 16/01/2014 BSB/944/21.03.2013/169/08.03.2013/22.03.2013 295.00 S MAJ B-512593 1 295.00 English Books
      Non-fiction D.B.Act.Division D.B.Act.Division 16/01/2013 DBAD/PUB 295.00 MAJ EN-90127 1 295.00 English Books
      Non-fiction Sarojini Nagar Sarojini Nagar 16/01/2014 BSB/944/21.03.2013/169/08.03.2013/22.03.2013 295.00 S MAJ B-512594 1 295.00 English Books

© Delhi Public Library
Hit Counter
free hit counter